LIBRARY & INFORMATION CENTRE, KCAET, TAVANUR

ONLINE PUBLIC ACCESS CATALOGUE (OPAC)

Source book on atomic energy / (Record no. 7474)

MARC details
000 -LEADER
fixed length control field 00517cam a2200205ua 4500
041 ## - LANGUAGE CODE
Language code of text/sound track or separate title eng
082 ## - DEWEY DECIMAL CLASSIFICATION NUMBER
Classification number 539
Item number GLA/SO
100 ## - MAIN ENTRY--AUTHOR NAME
Personal name Glasstone, Samuel .
245 ## - TITLE STATEMENT
Title Source book on atomic energy /
250 ## - EDITION STATEMENT
Edition statement 3 /
260 ## - PUBLICATION, DISTRIBUTION, ETC. (IMPRINT)
Place of publication New Delhi :
Name of publisher Affiliated East West Press Pvt Ltd ,
Year of publication 1967.
300 ## - PHYSICAL DESCRIPTION
Number of Pages 883 ; .
942 ## - ADDED ENTRY ELEMENTS (KOHA)
Koha item type Books
Holdings
Withdrawn status Lost status Damaged status Home library Current library Date acquired Full call number Accession Number Koha item type
      KAUAET KAUAET 07/04/2012 539 GLA/SO 17762 Books
      KAUAET KAUAET 07/04/2012 539 GLA/SO 17760 Books
      KAUAET KAUAET 07/04/2012 539 GLA/SO 17761 Books
free website counter